| 000 | 00661nam a22002177a 4500 | ||
|---|---|---|---|
| 005 | 20170124105945.0 | ||
| 010 | _aA-743300 | ||
| 020 | _c00.00 | ||
| 037 | _bCen Lib/Ret | ||
| 040 |
_aDPL _bEN |
||
| 082 |
_a303.699541 _bJOS |
||
| 100 |
_aJoshi, P.C. _93611 |
||
| 245 | r |
_aUttrakhand : _cbyP.C. Joshi _bissues and challenges/ |
|
| 260 |
_bHar-Anand Publications _aNew Delhi _c1995 |
||
| 270 |
_a364-A Chirah Delhi _bNew Delhi _e110017 |
||
| 300 |
_a208p. _c21m(Hb) |
||
| 500 | _aIncludes bibliographical references and index. | ||
| 650 |
_aSocail science _912239 |
||
| 650 |
_aUttrakhand _912240 |
||
| 942 |
_2ddc _cEN _h303.699541 _mJOS |
||
| 999 |
_c124877 _d124877 |
||